The Cabin - Ylvis - Lyrics - Statistics

General Stats
  • This quiz has been taken 4 times
  • The average score is 400 of 418
Answer Stats
Answer % Correct
15
100%
16
100%
40
100%
a
100%
A
100%
Ah
100%
and
100%
And
100%
animals
100%
animals)
100%
another
100%
As
100%
as
100%
baby
100%
bad
100%
be
100%
been
100%
But
100%
cabin
100%
cabin!
100%
cabin)
100%
cabin?
100%
can
100%
cards
100%
Cause
100%
city
100%
cold
100%
Come
100%
come
100%
copper
100%
cutlery
100%
Dad?
100%
dad
100%
Dad!
100%
dead
100%
(dead
100%
deck
100%
definitely
100%
different
100%
dinner,
100%
dishes
100%
do
100%
Don't
100%
don't
100%
drive
100%
even
100%
ever
100%
Except
100%
except
100%
five
100%
follow
100%
for
100%
For
100%
from
100%
get
100%
girl
100%
gonna
100%
got
100%
hang
100%
has
100%
have
100%
here
100%
here!
100%
hope
100%
hot
100%
hour
100%
hours,
100%
I
100%
icy
100%
I'm
100%
Impossible
100%
in
100%
In
100%
is
100%
Is
100%
it
100%
It
100%
it's
100%
It's
100%
I've
100%
joker
100%
just
100%
Just
100%
kind
100%
kinds
100%
know
100%
Let
100%
like
100%
long
100%
Mahal
100%
Mahal)
100%
make
100%
man
100%
manually
100%
married
100%
me,
100%
me
100%
minutes
100%
miss
100%
Mmm,
100%
much
100%
my
100%
My
100%
(my
100%
never
100%
no
100%
now
100%
Now,
100%
nowhere
100%
of
100%
Oh
100%
on
100%
on,
100%
One
100%
Only
100%
Or
100%
out
100%
outside
100%
over
100%
own
100%
pants
100%
paradise
100%
picture!
100%
piss
100%
pissin'
100%
place
100%
play
100%
played
100%
private
100%
put
100%
really
100%
relax
100%
Right
100%
road
100%
same
100%
shape
100%
shape,
100%
shit
100%
should
100%
shower
100%
size
100%
size)
100%
skis
100%
so
100%
some
100%
spaghetti
100%
spot!
100%
stops
100%
stuff
100%
such
100%
Taj
100%
take
100%
ten
100%
that
100%
the
100%
The
100%
(the
100%
then
100%
Then
100%
There
100%
there
100%
this
100%
This
100%
time
100%
to
100%
To
100%
together
100%
understand
100%
until
100%
up
100%
walk
100%
walk,
100%
wall
100%
wall?
100%
we
100%
We
100%
weather
100%
week
100%
we've
100%
Where
100%
Who
100%
who's
100%
why
100%
with
100%
With
100%
worry
100%
years
100%
you
100%
you?
100%
You
100%
60
67%
brother,
67%
chess
67%
day
67%
earth
67%
(earth)
67%
father,
67%
favorite
67%
heaven
67%
his
67%
if
67%
inside
67%
keep
67%
kleather
67%
lover!
67%
mine
67%
pinewood
67%
pissed
67%
ready
67%
sister,
67%
small,
67%
split
67%
square
67%
there's
67%
thing
67%
tiny
67%
uncle
67%
walking
67%
walls
67%
Wear
67%
When
67%
will
67%
wooden
67%
(Yeah)
67%
49
33%
china
33%
meters
33%
separate
33%
wanna
33%
No matching quizzes found
Score Distribution
Percent of People with Each Score
Percentile by Number Answered
Your Score History
You have not taken this quiz